<?xml version="1.0" encoding="UTF-8"?>
<record
    xmlns:xsi="http://www.w3.org/2001/XMLSchema-instance"
    xsi:schemaLocation="http://www.loc.gov/MARC21/slim http://www.loc.gov/standards/marcxml/schema/MARC21slim.xsd"
    xmlns="http://www.loc.gov/MARC21/slim">

  <leader>00841nam a2200229 i 4500</leader>
  <controlfield tag="001">000000043518</controlfield>
  <controlfield tag="003">IT-MiSPE</controlfield>
  <controlfield tag="005">20240629091337.0</controlfield>
  <controlfield tag="008">031005s1968    xx            000 b ita c</controlfield>
  <datafield tag="040" ind1=" " ind2=" ">
    <subfield code="a">IT-MiSPE</subfield>
    <subfield code="b">ita</subfield>
    <subfield code="c">IT-MiSPE</subfield>
  </datafield>
  <datafield tag="041" ind1=" " ind2=" ">
    <subfield code="a">ita</subfield>
    <subfield code="h">ger</subfield>
  </datafield>
  <datafield tag="082" ind1=" " ind2=" ">
    <subfield code="a">225.7-JER jo ab (ppv 23342)</subfield>
  </datafield>
  <datafield tag="100" ind1="1" ind2=" ">
    <subfield code="a">Jeremias, Joachim,</subfield>
    <subfield code="d">1900-1979</subfield>
    <subfield code="e">autore</subfield>
    <subfield code="9">60829</subfield>
  </datafield>
  <datafield tag="245" ind1="1" ind2="0">
    <subfield code="a">Abba /</subfield>
    <subfield code="c">Joachim Jeremias ; traduzione italiana di Giovanni Torti.</subfield>
  </datafield>
  <datafield tag="260" ind1=" " ind2=" ">
    <subfield code="a">Brescia :</subfield>
    <subfield code="b">Paideia,</subfield>
    <subfield code="c">1968.</subfield>
  </datafield>
  <datafield tag="300" ind1=" " ind2=" ">
    <subfield code="a">91 p. ;</subfield>
    <subfield code="c">24 cm</subfield>
  </datafield>
  <datafield tag="490" ind1="1" ind2=" ">
    <subfield code="a">Supplementi al grande lessico del Nuovo Testamento ;</subfield>
    <subfield code="v">001</subfield>
  </datafield>
  <datafield tag="655" ind1="0" ind2="7">
    <subfield code="a">Sacra Scrittura. Generalit&#xE0;</subfield>
    <subfield code="x">Teologia della Bibbia - Ermeneutica biblica.</subfield>
    <subfield code="2">local</subfield>
    <subfield code="9">60856</subfield>
  </datafield>
  <datafield tag="700" ind1="1" ind2=" ">
    <subfield code="a">Torti, Giovanni,</subfield>
    <subfield code="e">tr.</subfield>
    <subfield code="9">60857</subfield>
  </datafield>
  <datafield tag="830" ind1=" " ind2="0">
    <subfield code="a">Supplementi al grande lessico del Nuovo Testamento ;</subfield>
    <subfield code="v">001.</subfield>
    <subfield code="9">60858</subfield>
  </datafield>
  <datafield tag="942" ind1=" " ind2=" ">
    <subfield code="2">ddc</subfield>
    <subfield code="c">BK</subfield>
  </datafield>
  <datafield tag="999" ind1=" " ind2=" ">
    <subfield code="c">360167</subfield>
    <subfield code="d">360169</subfield>
  </datafield>
  <datafield tag="952" ind1=" " ind2=" ">
    <subfield code="0">0</subfield>
    <subfield code="1">0</subfield>
    <subfield code="2">ddc</subfield>
    <subfield code="4">0</subfield>
    <subfield code="6">225_000000000000000_7JER_JO_AB_PPV_23342</subfield>
    <subfield code="7">1</subfield>
    <subfield code="a">CINISELLO</subfield>
    <subfield code="b">CINISELLO</subfield>
    <subfield code="d">2024-06-29</subfield>
    <subfield code="l">0</subfield>
    <subfield code="o">225.7-JER jo ab (ppv 23342)</subfield>
    <subfield code="r">2024-06-29 09:13:57</subfield>
    <subfield code="w">2024-06-29</subfield>
    <subfield code="y">BK</subfield>
  </datafield>
</record>
